<?xml version="1.0" encoding="UTF-8"?>
<record
    xmlns:xsi="http://www.w3.org/2001/XMLSchema-instance"
    xsi:schemaLocation="http://www.loc.gov/MARC21/slim http://www.loc.gov/standards/marcxml/schema/MARC21slim.xsd"
    xmlns="http://www.loc.gov/MARC21/slim">

  <leader>03552    a2200217   4500</leader>
  <controlfield tag="001">22393</controlfield>
  <controlfield tag="005">20260407155515.0</controlfield>
  <controlfield tag="008">260407a1985    arg                 spa d</controlfield>
  <controlfield tag="003">AR-UNSa-BCEJYS</controlfield>
  <datafield tag="040" ind1=" " ind2=" ">
    <subfield code="a">AR-UNSa-BCEJYS</subfield>
    <subfield code="b">spa</subfield>
    <subfield code="c">AR-UNSa-BCEJYS</subfield>
  </datafield>
  <datafield tag="080" ind1=" " ind2=" ">
    <subfield code="a">336.1</subfield>
    <subfield code="x">Finanzas P&#xFA;blicas. Finanzas del gobierno en general
 
</subfield>
  </datafield>
  <datafield tag="245" ind1="1" ind2="0">
    <subfield code="a">Finanzas p&#xFA;blicas y Derecho tributario</subfield>
  </datafield>
  <datafield tag="020" ind1=" " ind2=" ">
    <subfield code="a">950-543-061-2</subfield>
  </datafield>
  <datafield tag="264" ind1=" " ind2="1">
    <subfield code="a">Buenos Aires :</subfield>
    <subfield code="b">Cangallo</subfield>
    <subfield code="c">1985</subfield>
  </datafield>
  <datafield tag="300" ind1=" " ind2=" ">
    <subfield code="a">xlviii, 973 p.</subfield>
    <subfield code="c">23 cm.</subfield>
  </datafield>
  <datafield tag="505" ind1=" " ind2=" ">
    <subfield code="a"> Parte I: Finanzas p&#xFA;blicas y derecho tributario en general - 1. Evoluci&#xF3;n del pensamiento financiero - 2. Finanzas p&#xFA;blicas. Naturaleza, estructura y relaciones con la econom&#xED;a 3. Diferentes enfoques del derecho tributario - Parte II: Presupuesto estatal - 1. El presupuesto estatal - 2. Presupuesto estatal, cuentas nacionales y renta nacional - 3. Finanzas de m&#xFA;ltiples niveles de gobierno - 4. Las finanzas en m&#xFA;ltiples niveles en el derecho argentino - Parte III: Gastos p&#xFA;blicos - 1. Los gastos p&#xFA;blicos - 2. Efectos de los gastos p&#xFA;blicos - 3. Cuantificaci&#xF3;n de los efectos de los gastos p&#xFA;blicos - Parte IV: Recursos - 1. Recursos - 2.Teor&#xED;a general del impuesto - Parte V: Impuestos en general - 1. Caracteres del sistema impositivo - 2. Impuestos fijos, graduales, proporcionales, progresivos y regresivos - 3. Los principios de la imposici&#xF3;n - 4. Los principios de la imposici&#xF3;n en el derecho constitucional argentino - 5. Efectos econ&#xF3;micos de los impuestos - Parte VI: El derecho tributario - 1. Diversos enfoques del derecho sustantivo - 2. Contenido del derecho tributario sustantivo - 3. El hecho imponible: concepto y naturaleza - 4. Interpretaci&#xF3;n de la norma tributaria - 5. Derecho tributario penal - 6. Derecho tributario administrativo - 7. Derecho tributario procesal - Parte VII: La imposici&#xF3;n sobre la renta - 1. El impuesto a la renta o a los r&#xE9;ditos - 2. El impuesto a los r&#xE9;ditos de las sociedades de capital - 3. La imposici&#xF3;n sobre la renta en el derecho tributario argentino - 4. El impuesto a las ganancias o beneficios de las sociedades de capital y otros impuestos que integran el sistema de imposici&#xF3;n a las ganancias en el derecho argentino - 5. El impuesto sobre los beneficios eventuales - 6. El impuesto a las superrentas - Parte VIII: La imposici&#xF3;n sobre los patrimonios y sobre los capitales - 1. Impuesto al patrimonio neto de las personas f&#xED;sicas - 2. Impuesto extraordinario al patrimonio - 3. El impuesto sobre el patrimonio neto de la Argentina - 4. Impuesto al capital de las empresas - 5. El impuesto sobre los capitales de la Argentina - 6. Impuestos a la transmisi&#xF3;n de bienes - Parte IX: 1. Impuesto al gasto - Parte X: La imposici&#xF3;n al consumo - 1. Impuestos particulares sobre los consumos - 2. Impuestos generales sobre las ventas 3. Los impuestos aduaneros y el r&#xE9;gimen cambiario - 4. Los impuestos internos - 5. El impuesto sobre los ingresos brutos - 6. El impuesto al valor agregado (I.V.A.) - Parte IX: Otros impuestos - 1. Impuestos sobre transferencias patrimoniales a t&#xED;tulo oneroso - 2. El impuesto de sellos en la Argentina - Parte XII: Otros recursos - 1. La deuda p&#xFA;blica - 2. La emisi&#xF3;n de billetes y las finanzas p&#xFA;blicas - Parte XIII: Las finanzas de la seguridad social - 1. Finanzas de la seguridad social
 </subfield>
  </datafield>
  <datafield tag="942" ind1=" " ind2=" ">
    <subfield code="c">BK</subfield>
  </datafield>
  <datafield tag="590" ind1=" " ind2=" ">
    <subfield code="a">niveau_biblio:m niveau_hierar:0</subfield>
  </datafield>
  <datafield tag="100" ind1="1" ind2=" ">
    <subfield code="a">Jarach, Dino</subfield>
  </datafield>
  <datafield tag="856" ind1="4" ind2="1">
    <subfield code="u">https://biblioeco.unsa.edu.ar/pmb/images/libros/Finanzas P?blicas y Derecho Tributario(1a ed).jpg</subfield>
    <subfield code="y">Imagen de portada</subfield>
    <subfield code="q">image/jpeg</subfield>
  </datafield>
  <datafield tag="999" ind1=" " ind2=" ">
    <subfield code="c">1006</subfield>
    <subfield code="d">1006</subfield>
  </datafield>
  <datafield tag="952" ind1=" " ind2=" ">
    <subfield code="0">0</subfield>
    <subfield code="1">0</subfield>
    <subfield code="4">0</subfield>
    <subfield code="7">0</subfield>
    <subfield code="a">BCEJYS</subfield>
    <subfield code="b">BCEJYS</subfield>
    <subfield code="c">16</subfield>
    <subfield code="d">2026-04-07</subfield>
    <subfield code="l">0</subfield>
    <subfield code="o">336.1 J37</subfield>
    <subfield code="p">L44304</subfield>
    <subfield code="r">2026-04-07 15:55:15</subfield>
    <subfield code="w">2026-04-07</subfield>
    <subfield code="y">L</subfield>
  </datafield>
  <datafield tag="952" ind1=" " ind2=" ">
    <subfield code="0">0</subfield>
    <subfield code="1">0</subfield>
    <subfield code="4">0</subfield>
    <subfield code="7">0</subfield>
    <subfield code="a">BCEJYS</subfield>
    <subfield code="b">BCEJYS</subfield>
    <subfield code="c">16</subfield>
    <subfield code="d">2026-04-07</subfield>
    <subfield code="l">0</subfield>
    <subfield code="o">336.1 J37</subfield>
    <subfield code="p">L44302</subfield>
    <subfield code="r">2026-04-07 15:55:15</subfield>
    <subfield code="w">2026-04-07</subfield>
    <subfield code="y">L</subfield>
  </datafield>
  <datafield tag="952" ind1=" " ind2=" ">
    <subfield code="0">0</subfield>
    <subfield code="1">0</subfield>
    <subfield code="4">0</subfield>
    <subfield code="7">0</subfield>
    <subfield code="a">BCEJYS</subfield>
    <subfield code="b">BCEJYS</subfield>
    <subfield code="c">16</subfield>
    <subfield code="d">2026-04-07</subfield>
    <subfield code="l">0</subfield>
    <subfield code="o">336.1 J37</subfield>
    <subfield code="p">L45019</subfield>
    <subfield code="r">2026-04-07 15:55:15</subfield>
    <subfield code="w">2026-04-07</subfield>
    <subfield code="y">L</subfield>
  </datafield>
</record>
